<?xml version="1.0" encoding="UTF-8"?>
<record
    xmlns:xsi="http://www.w3.org/2001/XMLSchema-instance"
    xsi:schemaLocation="http://www.loc.gov/MARC21/slim http://www.loc.gov/standards/marcxml/schema/MARC21slim.xsd"
    xmlns="http://www.loc.gov/MARC21/slim">

  <leader>01030cam a2200253a 44500</leader>
  <controlfield tag="003">OSt</controlfield>
  <controlfield tag="005">20150408113735.0</controlfield>
  <controlfield tag="008">980727s1985 ua a f 00010 ara d</controlfield>
  <datafield tag="040" ind1=" " ind2=" ">
    <subfield code="a">SA-RiAUC</subfield>
    <subfield code="b">ara</subfield>
    <subfield code="c">SA-RiAUC</subfield>
  </datafield>
  <datafield tag="041" ind1=" " ind2=" ">
    <subfield code="a">&#x639;&#x631;&#x628;&#x64A;</subfield>
  </datafield>
  <datafield tag="072" ind1=" " ind2=" ">
    <subfield code="a">055</subfield>
    <subfield code="x">&#x639;&#x644;&#x648;&#x645; &#x627;&#x644;&#x62D;&#x64A;&#x627;&#x629;</subfield>
  </datafield>
  <datafield tag="082" ind1="0" ind2="4">
    <subfield code="a">575.1 &#x62C; &#x627; &#x62A;</subfield>
  </datafield>
  <datafield tag="092" ind1=" " ind2=" ">
    <subfield code="a">575.1</subfield>
    <subfield code="b">&#x62C; &#x627; &#x62A;</subfield>
  </datafield>
  <datafield tag="100" ind1="1" ind2=" ">
    <subfield code="a">&#x62C;&#x627;&#x631;&#x62F;&#x646;&#x631;&#x60C; &#x625;&#x644;&#x62F;&#x648;&#x646; &#x62C;.</subfield>
    <subfield code="9">2036</subfield>
  </datafield>
  <datafield tag="245" ind1="1" ind2="2">
    <subfield code="a">&#x627;&#x644;&#x62A;&#x62F;&#x631;&#x64A;&#x628;&#x627;&#x62A; &#x627;&#x644;&#x648;&#x631;&#x627;&#x62B;&#x64A;&#x629; &#x627;&#x644;&#x645;&#x639;&#x645;&#x644;&#x64A;&#x629; /</subfield>
    <subfield code="c">&#x62A;&#x623;&#x644;&#x64A;&#x641; &#x623;. &#x62C;. &#x631;&#x62C;&#x627;&#x646;&#x631;&#x62F;&#x646;&#x631;&#x60C; &#x62A;. &#x631;. &#x645;&#x64A;&#x631;&#x62A;&#x632; &#x61B; &#x62A;&#x631;&#x62C;&#x645;&#x629; &#x639;&#x628;&#x62F; &#x627;&#x644;&#x641;&#x62A;&#x627;&#x62D; &#x639;&#x631;&#x641;&#x629; &#x637;&#x627;&#x64A;&#x644;&#x60C; &#x623;&#x62D;&#x645;&#x62F; &#x639;&#x628;&#x62F; &#x627;&#x644;&#x633;&#x644;&#x627;&#x645; &#x645;&#x62D;&#x645;&#x648;&#x62F;&#x60C; &#x633;&#x645;&#x64A;&#x631; &#x639;&#x628;&#x62F; &#x627;&#x644;&#x639;&#x632;&#x64A;&#x632; &#x61B; &#x645;&#x631;&#x627;&#x62C;&#x639;&#x629; &#x645;&#x62D;&#x645;&#x62F; &#x64A;&#x62D;&#x64A;&#x649; &#x647;&#x64A;&#x643;&#x644;.</subfield>
  </datafield>
  <datafield tag="260" ind1=" " ind2=" ">
    <subfield code="a">&#x627;&#x644;&#x642;&#x627;&#x647;&#x631;&#x629;</subfield>
    <subfield code="b">&#x627;&#x644;&#x62F;&#x627;&#x631; &#x627;&#x644;&#x639;&#x631;&#x628;&#x64A;&#x629; &#x644;&#x644;&#x646;&#x634;&#x631; &#x648;&#x627;&#x644;&#x62A;&#x648;&#x632;&#x64A;&#x639;&#x60C;</subfield>
    <subfield code="c">1405] 1985 &#x623;&#x648; 1406]</subfield>
  </datafield>
  <datafield tag="300" ind1=" " ind2=" ">
    <subfield code="a">225 &#x635;.</subfield>
    <subfield code="b">&#x625;&#x64A;&#x636;. &#x61B;</subfield>
    <subfield code="c">25 &#x633;&#x645;. 7</subfield>
  </datafield>
  <datafield tag="650" ind1=" " ind2=" ">
    <subfield code="x">&#x62A;&#x62C;&#x627;&#x631;&#x628;</subfield>
    <subfield code="2">aucsh.1 </subfield>
  </datafield>
  <datafield tag="700" ind1=" " ind2=" ">
    <subfield code="e">&#x645;&#x62A;&#x631;&#x62C;&#x645;.1 </subfield>
    <subfield code="9">2037</subfield>
  </datafield>
  <datafield tag="700" ind1=" " ind2=" ">
    <subfield code="e">&#x645;&#x62A;&#x631;&#x62C;&#x645;.1 </subfield>
    <subfield code="9">2038</subfield>
  </datafield>
  <datafield tag="700" ind1=" " ind2=" ">
    <subfield code="e">&#x645;&#x62A;&#x631;&#x62C;&#x645;.1 </subfield>
    <subfield code="9">2039</subfield>
  </datafield>
  <datafield tag="700" ind1=" " ind2=" ">
    <subfield code="e">&#x645;&#x631;&#x627;&#x62C;&#x639;.\\</subfield>
    <subfield code="9">1145</subfield>
  </datafield>
  <datafield tag="942" ind1=" " ind2=" ">
    <subfield code="2">ddc</subfield>
    <subfield code="c">BOOK</subfield>
  </datafield>
  <datafield tag="999" ind1=" " ind2=" ">
    <subfield code="c">2169</subfield>
    <subfield code="d">236669</subfield>
  </datafield>
  <datafield tag="952" ind1=" " ind2=" ">
    <subfield code="1">0</subfield>
    <subfield code="2">2013-03-10</subfield>
    <subfield code="4">0</subfield>
    <subfield code="7">0</subfield>
    <subfield code="a">575.1 &#x62C; &#x627; &#x62A;</subfield>
    <subfield code="d">2011-08-04</subfield>
    <subfield code="h">EMF</subfield>
    <subfield code="i">00022293</subfield>
    <subfield code="m">EMF</subfield>
    <subfield code="r">2013-03-10 00:00:00</subfield>
    <subfield code="t">BOOK</subfield>
    <subfield code="w">ddc</subfield>
    <subfield code="y">0</subfield>
  </datafield>
  <datafield tag="952" ind1=" " ind2=" ">
    <subfield code="1">0</subfield>
    <subfield code="2">2013-03-10</subfield>
    <subfield code="4">0</subfield>
    <subfield code="7">0</subfield>
    <subfield code="a">575.1 &#x62C; &#x627; &#x62A;</subfield>
    <subfield code="d">2011-09-06</subfield>
    <subfield code="h">EMF</subfield>
    <subfield code="i">00032935</subfield>
    <subfield code="m">EMF</subfield>
    <subfield code="r">2013-03-10 00:00:00</subfield>
    <subfield code="t">BOOK</subfield>
    <subfield code="w">ddc</subfield>
    <subfield code="y">0</subfield>
  </datafield>
</record>
